Beneficios más allá de las fronteras : (Registro nro. 4950)
[ vista simple ]
| 000 -CABECERA | |
|---|---|
| Campo de control | 00831nam a2200253 i 4500 |
| 005 - FECHA Y HORA DE LA ULTIMA TRANSACCION | |
| Campo de control | 20200104041554.0 |
| 008 - ELEMENTOS DE LONGITUD FIJA—INFORMACION GENERAL | |
| Campo de control | 140318s2005 xxk|||||r|||| 00| 0 spa d |
| 020 ## - ISBN | |
| ISBN | 2831708370 |
| 040 ## - FUENTE DE CATALOGACIÓN | |
| Agencia catalogadora original | CO-BoIAVH |
| Agencia transcriptora | CO-BoIAVH |
| 041 ## - IDIOMA | |
| Código de idioma para texto/pista de sonido o título separado | Español |
| 044 ## - PAÍS DE PUBLICACIÓN | |
| País de publicación | |
| 082 04 - NUMERO DE CLASIFICACION DECIMAL DEWEY | |
| Número de clasificación | 333.72 |
| Número del ítem | C74b |
| 111 2# - ASIENTO PRINCIPAL--NOMBRE DE REUNION | |
| Nombre de reunión o de jurisdicción como elemento de entrada | Congreso mundial de parques |
| Lugar de la reunión | Durban |
| Fecha de la reunión | 2003 |
| 9 (RLIN) | 49516 |
| 245 10 - MENCION DE TITULO | |
| Título | Beneficios más allá de las fronteras : |
| Parte restante del título | acta del congreso mundial de parques de la UICN |
| 260 ## - PUBLICACION, DISTRIBUCION, ETC. (PIE DE IMPRENTA) | |
| Lugar de publicación, distribución, etc. | Cambridge : |
| Nombre del editor, distribuidor, etc. | IUCN; |
| Fecha de publicación, distribución, etc. | 2005. |
| 300 ## - DESCRIPCION FISICA | |
| Extensión | 326 páginas ; |
| Dimensiones | 29 cm + |
| Material acompañante | 1 CD |
| 650 14 - ASIENTO SECUNDARIO DE MATERIA - TERMINO TEMATICO | |
| Término temático o nombre geográfico como elemento de entrada | Áreas protegidas |
| Subdivisión geográfica | África |
| 9 (RLIN) | 49517 |
| 650 24 - ASIENTO SECUNDARIO DE MATERIA - TERMINO TEMATICO | |
| Término temático o nombre geográfico como elemento de entrada | Áreas protegidas |
| 9 (RLIN) | 78 |
| 650 24 - ASIENTO SECUNDARIO DE MATERIA - TERMINO TEMATICO | |
| Término temático o nombre geográfico como elemento de entrada | Áreas de conservación de recursos naturales |
| 9 (RLIN) | 49519 |
| 650 24 - ASIENTO SECUNDARIO DE MATERIA - TERMINO TEMATICO | |
| Término temático o nombre geográfico como elemento de entrada | Protección del medio ambiente |
| 9 (RLIN) | 271 |
| 650 24 - ASIENTO SECUNDARIO DE MATERIA - TERMINO TEMATICO | |
| Término temático o nombre geográfico como elemento de entrada | Zonas marinas |
| 9 (RLIN) | 1716 |
| 942 ## - ELEMENTOS ADICIONALES (KOHA) | |
| Tipo de ítem | Libro |
| Sistema de clasificación | Dewey Decimal Classification |
| 945 ## - PROCESAMIENTO LOCAL | |
| AAAA-MM-DD - Fecha de ingreso o modificacion | 2005-12-09 |
| Withdrawn status | Lost status | Sistema de Clasificación | Damaged status | No para préstamo | Colección | Inventariado | Ubicación Permanente | Ubicación actual | Fecha de adquisición | Fuente de Valor | Valor | Total Checkouts | Número topográfico | Inventario / Código de Barras | Date last seen | Ejemplar | Price effective from | Forma de adquisición | Tipo de material | Public note |
|---|---|---|---|---|---|---|---|---|---|---|---|---|---|---|---|---|---|---|---|---|
| Dewey Decimal Classification | General | Inventariado 2017 | Bogotá | Bogotá | 09/12/2005 | Instituto | 40000.00 | LB-333.72 C74b | 022555 | 04/12/2012 | Ej. 1 | 04/12/2012 | Libro | Incluye 1 CD (CID-022556) |